Kontrola nelegálnej práce a nelegálneho zamestnávania

Kontrolu nelegálnej práce a nelegálneho zamestnávania vykonávajú inšpektoráty práce. Inšpektorát práce vykonáva kontrolu a je povinný spolupracovať a poskytovať potrebné informácie v rozsahu svojej pôsobnosti. Postih za porušenie zákazu nelegálnej práce a nelegálneho zamestnávania.

Na minha lista:
Detalhes bibliográficos
Autor principal: Kubíková, Jana
Formato: Capítulo de Livro
Idioma:eslovaco
Assuntos:
Tags: Adicionar Tag
Sem tags, seja o primeiro a adicionar uma tag!

MARC

LEADER 00000naa a2200000 4500
001 0291302
005 20240417075228.7
041 0 |a slo 
044 |a SK 
245 1 0 |a Kontrola nelegálnej práce a nelegálneho zamestnávania  |c Jana Kubíková 
520 |a Kontrolu nelegálnej práce a nelegálneho zamestnávania vykonávajú inšpektoráty práce. Inšpektorát práce vykonáva kontrolu a je povinný spolupracovať a poskytovať potrebné informácie v rozsahu svojej pôsobnosti. Postih za porušenie zákazu nelegálnej práce a nelegálneho zamestnávania. 
610 2 0 |a práca nelegálna 
610 2 0 |a zamestnanci 
610 2 0 |a zamestnávatelia 
610 2 0 |a vzťahy pracovnoprávne 
610 2 0 |a právo pracovné 
610 2 0 |a zákonník práce 
100 1 |a Kubíková, Jana